|
|
|
|
| LEADER |
00000cam a2200000 a 4500 |
| 001 |
vtls011621394 |
| 003 |
SK-MaSNL |
| 005 |
20260301182003.0 |
| 008 |
240318s2016 xo da f n 000 0 slo |
| 015 |
|
|
|a SNBA2017/06
|
| 020 |
|
|
|a 9788055412771
|q (viaz.)
|z 9788055412283
|
| 035 |
|
|
|a urn:nbn:sk:snk-am00cxt2
|
| 035 |
|
|
|a urn:nbn:sk:snk-am3het2
|
| 035 |
|
|
|a 52063014-BAB7-45C3-822A-79903F6ECC96
|
| 040 |
|
|
|a SNK
|b slo
|c SNK
|e AACR2
|
| 041 |
0 |
|
|a slo
|
| 043 |
|
|
|a e-xo---
|
| 044 |
|
|
|a xo
|c SK
|
| 072 |
|
7 |
|a 37
|x Výchova a vzdelávanie
|2 konspekt
|
| 080 |
|
|
|a 371:17.024.4
|2 2001
|
| 080 |
|
|
|a 159.953.5
|2 2011
|
| 080 |
|
|
|a 303.023
|2 2011
|
| 080 |
|
|
|a 37.012
|2 2011
|
| 080 |
|
|
|a (048.8)
|2 2011
|
| 080 |
|
|
|a 378.011.3-052
|2 2011
|
| 100 |
1 |
|
|a Škorvagová, Eva,
|d 1979-
|4 aut
|9 176867
|
| 245 |
1 |
0 |
|a Chronopsychologické aspekty študijnej úspešnosti študentov Katedry pedagogických štúdií Fakulty humanitných vied Žilinskej univerzity v Žiline
|c Eva Škorvagová
|
| 250 |
|
|
|a 1. vyd.
|
| 260 |
|
|
|a Žilina
|b Žilinská univerzita v Žiline
|b Edis
|c 2016
|
| 300 |
|
|
|a 147 s.
|b grafy, tab.
|c 25 cm
|
| 366 |
|
|
|e 100 výt.
|
| 490 |
1 |
|
|a Vedecké monografie
|
| 500 |
|
|
|a Chybné ISBN v tiráži
|
| 504 |
|
|
|a Bibliogr.: s. 95-102
|
| 650 |
0 |
7 |
|a školská úspešnosť
|2 SNKPH
|9 70890
|
| 650 |
0 |
7 |
|a vysokoškolskí študenti
|2 SNKPH
|9 3981
|
| 650 |
0 |
7 |
|a učenie
|2 SNKPH
|9 3884
|
| 650 |
0 |
7 |
|a kvantitatívny výskum
|2 SNKPH
|9 75938
|
| 650 |
0 |
7 |
|a pedagogický výskum
|2 SNKPH
|9 69315
|
| 650 |
0 |
7 |
|a School success
|2 SNKPHeng
|9 302876
|
| 650 |
0 |
7 |
|a College students
|2 SNKPHeng
|9 275186
|
| 650 |
0 |
7 |
|a Learning
|2 SNKPHeng
|9 302872
|
| 650 |
0 |
7 |
|a Quantitative research
|2 SNKPHeng
|9 338475
|
| 650 |
0 |
7 |
|a Educational research
|2 SNKPHeng
|9 321747
|
| 655 |
|
7 |
|a štúdie
|2 SNKPH
|9 57033
|
| 655 |
|
7 |
|a Studies
|2 SNKPHeng
|9 265573
|
| 810 |
2 |
|
|a Žilinská univerzita v Žiline
|t Vedecké monografie
|9 306802
|
| 852 |
|
|
|a Štátna vedecká knižnica v Banskej Bystrici
|
| 919 |
|
|
|a 978-80-554-1277-1
|
| 958 |
|
|
|a NB
|
| 999 |
|
|
|c 852015
|d 853945
|
| 952 |
|
|
|a SNK
|b SNK
|y PREZ
|7 0
|p 17A1259134
|o snkSC 174761
|i snk2017/12182
|8 0
|0 0
|1 0
|4 0
|d 2017-05-25
|f 1
|l 0
|r 2025-09-16 00:00:00
|w 2026-02-24
|
| 952 |
|
|
|a SNK
|b SNK
|y VYP
|7 0
|p 17A1259135
|o snkSC 174761 D1
|i snk2017/12183
|8 0
|0 0
|1 0
|4 0
|d 2017-05-25
|l 0
|r 2026-02-24 04:45:03
|w 2026-02-24
|